[Event "Montevideo Duchamp Cup 2nd"]
[Site "Montevideo"]
[Date "2018.02.02"]
[Round "1"]
[White "Perez, Jose Luis"]
[Black "Daneri, Martin"]
[Result "0-1"]
[WhiteElo "1619"]
[BlackElo "2085"]
[PlyCount "36"]
[EventDate "2018.02.02"]
[EventType "swiss"]
[EventRounds "9"]
[EventCountry "URU"]
[SourceTitle "CBM 182 Extra"]
[Source "ChessBase"]
[SourceDate "2018.02.23"]
[SourceVersion "1"]
[SourceVersionDate "2018.02.23"]
[SourceQuality "1"]

1. d4 Nf6 2. Nf3 g6 3. Bf4 Bg7 4. e3 0-0 5. c4 c5 6. Nc3 cxd4 7. exd4 d5 8. Rc1 Nc6 9. h3 Bf5 10. a3 Rc8 11. b4 a6 12. Be2 dxc4 13. d5 Na7 14. Na4 Nxd5 15. Bh2 b5 16. Nc5 a5 17. 0-0 axb4 18. axb4 Nxb4 0-1

[Event "URU-chT Provinces"]
[Site "Montevideo"]
[Date "2017.08.27"]
[Round "5.1"]
[White "Esteves, Gaston"]
[Black "Perez, Jose Luis"]
[Result "1-0"]
[WhiteElo "1775"]
[BlackElo "1635"]
[PlyCount "63"]
[EventDate "2017.08.25"]
[EventType "team-swiss"]
[EventRounds "5"]
[EventCountry "URU"]
[SourceTitle "EXT 2019"]
[Source "ChessBase"]
[SourceDate "2018.10.10"]
[SourceVersion "1"]
[SourceVersionDate "2018.10.10"]
[SourceQuality "1"]
[WhiteTeam "Canelones IV"]
[BlackTeam "Montevideo III"]
[WhiteTeamCountry "URU"]
[BlackTeamCountry "URU"]

1. e4 e6 2. d4 d5 3. Nd2 Nf6 4. e5 Nfd7 5. Bd3 c5 6. c3 Nc6 7. Ne2 cxd4 8. cxd4 f6 9. exf6 Nxf6 10. 0-0 Bd6 11. Nf3 Qc7 12. Bg5 0-0 13. Bh4 Bd7 14. Bg3 Rae8 15. Rc1 Qb8 16. Re1 e5 17. dxe5 Nxe5 18. Bxe5 Bxe5 19. Nxe5 Rxe5 20. Nd4 Rh5 21. Nf3 Ng4 22. h3 Nf6 23. Qe2 Qd6 24. Qd2 Bxh3 25. gxh3 Rxh3 26. Ng5 Rh2 27. Re6 Qb8 28. Re7 Ng4 29. Rcc7 Qxc7 30. Rxc7 Rfxf2 31. Qc3 Ne3 32. Qxg7# 1-0

[Event "URU-chTB"]
[Site "Uruguay"]
[Date "2017.07.08"]
[Round "4.1"]
[White "Arriola, Adrian"]
[Black "Perez, Jose Luis"]
[Result "0-1"]
[WhiteElo "1524"]
[BlackElo "1608"]
[PlyCount "68"]
[EventDate "2017.07.07"]
[EventType "team-swiss"]
[EventRounds "5"]
[EventCountry "URU"]
[SourceTitle "EXT 2018"]
[Source "ChessBase"]
[SourceDate "2017.10.13"]
[SourceVersion "1"]
[SourceVersionDate "2017.10.13"]
[SourceQuality "1"]
[WhiteTeam "Urreta"]
[BlackTeam "CBR III"]
[WhiteTeamCountry "URU"]
[BlackTeamCountry "URU"]

1. c4 c5 2. g3 g6 3. Bg2 Bg7 4. Nc3 Nc6 5. Nf3 Nf6 6. 0-0 0-0 7. Rb1 d5 8. cxd5 Nb4 9. a3 Nbxd5 10. d3 Rb8 11. Nxd5 Nxd5 12. Qc2 b6 13. b4 cxb4 14. axb4 Bb7 15. b5 Nc3 16. Rb3 Rc8 17. Qd2 Rc7 18. Bb2 Qc8 19. Ra1 Rd8 20. Rxa7 Nxe2+ 21. Qxe2 Rc2 22. Qxe7 Rd7 23. Qb4 Qe8 24. Ra1 Qe2 25. Qe1 Bxf3 26. Bxf3 Qxe1+ 27. Rxe1 Bxb2 28. Re8+ Kg7 29. Rb8 Bd4 30. Bc6 Bxf2+ 31. Kf1 Rd6 32. Re8 Rf6 33. Kg2 Bd4+ 34. Kh3 Bg1 0-1

[Event "URU-chTB"]
[Site "Uruguay"]
[Date "2017.07.07"]
[Round "1.1"]
[White "Caitano, Martin Joel"]
[Black "Perez, Jose Luis"]
[Result "1-0"]
[WhiteElo "2017"]
[BlackElo "1608"]
[PlyCount "39"]
[EventDate "2017.07.07"]
[EventType "team-swiss"]
[EventRounds "5"]
[EventCountry "URU"]
[SourceTitle "EXT 2018"]
[Source "ChessBase"]
[SourceDate "2017.10.13"]
[SourceVersion "1"]
[SourceVersionDate "2017.10.13"]
[SourceQuality "1"]
[WhiteTeam "Piratas Tablero II"]
[BlackTeam "CBR III"]
[WhiteTeamCountry "URU"]
[BlackTeamCountry "URU"]

1. d4 d5 2. c4 c6 3. Nc3 Nf6 4. Nf3 dxc4 5. e4 b5 6. Bg5 h6 7. Bxf6 exf6 8. Be2 Bb7 9. 0-0 Nd7 10. a4 a6 11. d5 Ne5 12. dxc6 Nxf3+ 13. Bxf3 Bxc6 14. axb5 axb5 15. e5 Bxf3 16. Qxf3 Rb8 17. exf6 Qxf6 18. Rfe1+ Kd7 19. Ra7+ Kd8 20. Qd5+ 1-0

[Event "URU-ch Seniors"]
[Site "Montevideo"]
[Date "2016.06.18"]
[Round "2"]
[White "Barandiaran, Gabriel"]
[Black "Perez, Jose Luis"]
[Result "1-0"]
[WhiteElo "1816"]
[BlackElo "1581"]
[PlyCount "99"]
[EventDate "2016.06.17"]
[EventType "swiss"]
[EventRounds "5"]
[EventCountry "URU"]
[SourceTitle "EXT 2017"]
[Source "ChessBase"]
[SourceDate "2016.10.25"]
[SourceVersion "1"]
[SourceVersionDate "2016.10.25"]
[SourceQuality "1"]

1. e4 e6 2. d4 d5 3. Nd2 Nf6 4. Bd3 c5 5. exd5 Qxd5 6. Ngf3 cxd4 7. 0-0 Nc6 8. Nb3 Be7 9. Nbxd4 Nxd4 10. Nxd4 0-0 11. Nb5 Qc6 12. Bf4 Bd7 13. Nc7 Rac8 14. Nb5 Qb6 15. a4 a6 16. a5 Qd8 17. Nd6 Rc7 18. Nc4 Bc6 19. Bxc7 Qxc7 20. Qe2 Qf4 21. Qe5 Qg4 22. f3 Qh4 23. Qe1 Bc5+ 24. Kh1 Qg5 25. Qe5 Qxe5 26. Nxe5 Nd5 27. Nxc6 bxc6 28. Bxa6 Ne3 29. Rfc1 Rd8 30. Bd3 Bd4 31. Ra2 Ba7 32. b4 Rd5 33. Ra3 Rg5 34. c4 Rxg2 35. b5 Bb8 36. Bxh7+ Kxh7 37. Rxe3 Rxh2+ 38. Kg1 Ra2 39. Rb3 Rxa5 40. b6 Rg5+ 41. Kf1 Rh5 42. Rd1 Rh1+ 43. Ke2 Rh2+ 44. Kd3 Rh3 45. Kc2 Rh2+ 46. Rd2 Rh4 47. Rc3 c5 48. Rd8 Be5 49. b7 Rd4 50. b8Q 1-0

[Event "URU-ch Seniors"]
[Site "Montevideo"]
[Date "2016.06.18"]
[Round "3"]
[White "Perez, Jose Luis"]
[Black "Fernandez Cuneo, Carlos"]
[Result "1-0"]
[WhiteElo "1581"]
[BlackElo "1804"]
[PlyCount "53"]
[EventDate "2016.06.17"]
[EventType "swiss"]
[EventRounds "5"]
[EventCountry "URU"]
[SourceTitle "EXT 2017"]
[Source "ChessBase"]
[SourceDate "2016.10.25"]
[SourceVersion "1"]
[SourceVersionDate "2016.10.25"]
[SourceQuality "1"]

1. d4 Nf6 2. c4 e6 3. Nc3 d5 4. cxd5 exd5 5. Bg5 Be7 6. e3 0-0 7. Bd3 Nbd7 8. Nge2 c5 9. dxc5 Nxc5 10. Bc2 Be6 11. 0-0 Rc8 12. Nd4 Nfe4 13. Bxe7 Qxe7 14. Nce2 Qg5 15. Nf4 Nd6 16. b4 Nce4 17. Ndxe6 fxe6 18. Nxe6 Qe5 19. Nxf8 Rxf8 20. Bb3 Nc3 21. Qd3 Kh8 22. Rac1 Rc8 23. Rc2 Qg5 24. Rxc3 Rd8 25. Rc5 Nf5 26. Rxd5 Rf8 27. e4 1-0

[Event "URU-ch Seniors"]
[Site "Montevideo"]
[Date "2016.06.17"]
[Round "1"]
[White "Perez, Jose Luis"]
[Black "Villarreal, Julio"]
[Result "0-1"]
[WhiteElo "1581"]
[BlackElo "1869"]
[PlyCount "48"]
[EventDate "2016.06.17"]
[EventType "swiss"]
[EventRounds "5"]
[EventCountry "URU"]
[SourceTitle "EXT 2017"]
[Source "ChessBase"]
[SourceDate "2016.10.25"]
[SourceVersion "1"]
[SourceVersionDate "2016.10.25"]
[SourceQuality "1"]

1. d4 e5 2. dxe5 Nc6 3. Nf3 Qe7 4. Bf4 Qb4+ 5. Bd2 Qxb2 6. e4 Qxa1 7. Bc4 Bb4 8. c3 Ba5 9. Qb3 Nh6 10. 0-0 b5 11. Bd5 Bb6 12. Na3 Na5 13. Qc2 Qxf1+ 14. Kxf1 c6 15. Nxb5 0-0 16. Ng5 Ba6 17. c4 cxb5 18. Bxa8 Rxa8 19. e6 dxe6 20. e5 Nf5 21. Qe4 Rd8 22. Bc3 h6 23. Nf3 Bb7 24. Qg4 Nxc4 0-1

[Event "American Continental 11th"]
[Site "Montevideo"]
[Date "2015.05.22"]
[Round "9"]
[White "Gomes, Marco Tulio Caldeir"]
[Black "Perez, Jose Luis"]
[Result "1-0"]
[WhiteElo "1883"]
[BlackElo "1543"]
[PlyCount "95"]
[EventDate "2015.05.15"]
[EventType "swiss"]
[EventRounds "11"]
[EventCountry "URU"]
[SourceTitle "CBM 167"]
[Source "ChessBase"]
[SourceDate "2015.07.13"]
[SourceVersion "1"]
[SourceVersionDate "2015.07.13"]
[SourceQuality "1"]

1. e4 e6 2. d4 d5 3. Nd2 Nf6 4. e5 Nfd7 5. Bd3 c5 6. c3 Nc6 7. Ne2 cxd4 8. cxd4 f6 9. exf6 Nxf6 10. 0-0 Bd6 11. Nf3 Qc7 12. Re1 0-0 13. Bg5 Nh5 14. Qc2 g6 15. Bxg6 hxg6 16. Qxg6+ Ng7 17. Bf6 Qf7 18. Qxf7+ Rxf7 19. Bg5 e5 20. dxe5 Nxe5 21. Ned4 Nxf3+ 22. Nxf3 Bc5 23. Rac1 b6 24. a3 a5 25. Bh6 Bg4 26. b4 axb4 27. axb4 Bxf2+ 28. Kxf2 Bxf3 29. gxf3 Ra2+ 30. Re2 Rxe2+ 31. Kxe2 Nf5 32. Rg1+ Kh7 33. Bc1 b5 34. f4 Rc7 35. Kd3 Rc4 36. Bd2 Rd4+ 37. Ke2 Re4+ 38. Kd1 d4 39. Rg5 Ne3+ 40. Bxe3 dxe3 41. Rxb5 Rxf4 42. Ke2 Re4 43. Rb7+ Kg6 44. b5 Re6 45. b6 Kf5 46. Rb8 Ke4 47. b7 Re7 48. h4 1-0

[Event "American Continental 11th"]
[Site "Montevideo"]
[Date "2015.05.21"]
[Round "8"]
[White "Perez, Jose Luis"]
[Black "Rodriguez Fuentealba, Diego"]
[Result "1-0"]
[WhiteElo "1543"]
[BlackElo "1522"]
[PlyCount "36"]
[EventDate "2015.05.15"]
[EventType "swiss"]
[EventRounds "11"]
[EventCountry "URU"]
[SourceTitle "CBM 167"]
[Source "ChessBase"]
[SourceDate "2015.07.13"]
[SourceVersion "1"]
[SourceVersionDate "2015.07.13"]
[SourceQuality "1"]

1. d4 d5 2. Nf3 Nf6 3. e3 c6 4. Bd3 e6 5. Nbd2 Nbd7 6. b3 Bd6 7. Bb2 0-0 8. Ne5 Qc7 9. f4 b6 10. g4 Bb7 11. g5 Ne8 12. Qh5 g6 13. Qh3 c5 14. 0-0 Nxe5 15. fxe5 Be7 16. Qh6 Ng7 17. Rf3 Nf5 18. Bxf5 exf5 1-0

[Event "American Continental 11th"]
[Site "Montevideo"]
[Date "2015.05.19"]
[Round "6"]
[White "Perez, Jose Luis"]
[Black "Fein, Jorge"]
[Result "0-1"]
[WhiteElo "1543"]
[BlackElo "1790"]
[PlyCount "90"]
[EventDate "2015.05.15"]
[EventType "swiss"]
[EventRounds "11"]
[EventCountry "URU"]
[SourceTitle "CBM 167"]
[Source "ChessBase"]
[SourceDate "2015.07.13"]
[SourceVersion "1"]
[SourceVersionDate "2015.07.13"]
[SourceQuality "1"]

1. d4 Nf6 2. Nf3 e6 3. e3 b6 4. Bd3 Bb7 5. Nbd2 d6 6. b3 Nbd7 7. Bb2 Be7 8. 0-0 0-0 9. c4 Re8 10. Rc1 Bf8 11. e4 e5 12. d5 g6 13. b4 c5 14. b5 Bc8 15. h3 Nh5 16. g3 Ndf6 17. Kh2 Qd7 18. Ng1 Bh6 19. f4 exf4 20. g4 Nxg4+ 21. hxg4 Ng3 22. Rf2 Qe7 23. Nh3 Qh4 24. Nf3 Qxg4 25. Nfg1 Qh4 26. Qf3 Bg4 27. Qg2 f3 28. Nxf3 Qxh3+ 29. Qxh3 Bxh3 30. Re1 Nxe4 31. Rfe2 Bg4 32. Bxe4 f5 33. Bd3 Rxe2+ 34. Bxe2 Re8 35. Kg3 Bxf3 36. Kxf3 Re3+ 37. Kf2 Re4 38. Bd3 Rh4 39. Kg2 Rg4+ 40. Kf3 Rf4+ 41. Kg3 Rg4+ 42. Kh3 Kf7 43. Re6 Bf4 44. Be2 Rg3+ 45. Kh4 g5+ 0-1

[Event "URU pre olympic"]
[Site "Punta del Este"]
[Date "2014.06.21"]
[Round "3"]
[White "Perez, Jose Luis"]
[Black "Barboza, Mauro"]
[Result "0-1"]
[WhiteElo "1524"]
[BlackElo "2009"]
[PlyCount "110"]
[EventDate "2014.06.20"]
[EventType "swiss"]
[EventRounds "5"]
[EventCountry "URU"]
[SourceTitle "EXT 2018"]
[Source "ChessBase"]
[SourceDate "2017.10.13"]
[SourceVersion "1"]
[SourceVersionDate "2017.10.13"]
[SourceQuality "1"]

1. d4 Nf6 2. Nf3 c6 3. c4 d5 4. Nc3 dxc4 5. a4 e6 6. e4 Bb4 7. e5 Ne4 8. Qc2 Qd5 9. Be3 b5 10. Nd2 Nxc3 11. bxc3 Be7 12. axb5 cxb5 13. Be2 Bb7 14. Bf3 Qd7 15. Qb2 Bxf3 16. gxf3 0-0 17. Rg1 Kh8 18. Rg3 f5 19. exf6 Bxf6 20. Qb1 Qd5 21. Rh3 Qf5 22. Qe4 Nd7 23. Rg3 Nb6 24. Ra6 Nd5 25. Nb1 Nxe3 26. fxe3 Qxe4 27. fxe4 Bh4 28. Rxe6 Rfe8 29. Rxe8+ Rxe8 30. e5 Kg8 31. Ke2 Bxg3 32. hxg3 Kf7 33. Kf3 Ke6 34. Ke4 Rd8 35. Na3 a6 36. Nc2 a5 37. Na3 Rb8 38. d5+ Kd7 39. Kd4 h5 40. Kc5 g5 41. e6+ Ke7 42. Nxb5 h4 43. Nd4 Rc8+ 44. Nc6+ Kf6 45. Kd6 h3 46. Kd7 Rh8 47. e4 h2 48. e5+ Kg7 49. e7 h1Q 50. d6 a4 51. Kc7 Rc8+ 52. Kxc8 Qxc6+ 53. Kd8 Kf7 54. e6+ Kxe6 55. e8Q+ Qxe8+ 0-1

[Event "Horacio Arevalo Memorial"]
[Site "Colonia del Sacramento"]
[Date "2014.05.04"]
[Round "4"]
[White "Perez, Jose Luis"]
[Black "Milan, Julio"]
[Result "1/2-1/2"]
[WhiteElo "1521"]
[BlackElo "1695"]
[PlyCount "93"]
[EventDate "2014.05.02"]
[EventType "swiss"]
[EventRounds "5"]
[EventCountry "URU"]
[SourceTitle "EXT 2016"]
[Source "ChessBase"]
[SourceDate "2015.10.08"]
[SourceVersion "1"]
[SourceVersionDate "2015.10.08"]
[SourceQuality "1"]

1. d4 Nf6 2. Nf3 g6 3. c4 c5 4. d5 b5 5. cxb5 a6 6. bxa6 Bxa6 7. Nc3 Bg7 8. e4 Bxf1 9. Kxf1 d6 10. g3 Nbd7 11. Kg2 0-0 12. h3 Qa5 13. Re1 Rfb8 14. a4 Ne8 15. Qc2 Nc7 16. Bd2 Qb6 17. Reb1 Ne5 18. Nxe5 Bxe5 19. f4 Bd4 20. Qc1 Qa6 21. Qe1 Rb3 22. Nb5 Nxb5 23. axb5 Qb7 24. Rxa8+ Qxa8 25. Bc3 Rxb5 26. Bxd4 cxd4 27. b4 Qa2+ 28. Kh1 Qa3 29. Kh2 d3 30. Qd2 Kf8 31. Rb2 Kg7 32. Kg2 f5 33. Kf3 Kf6 34. Ke3 e6 35. exf5 Qa7+ 36. Kf3 Rxd5 37. fxe6 Kxe6 38. Qe3+ Qxe3+ 39. Kxe3 Kd7 40. b5 d2 41. Rxd2 Rxb5 42. g4 Rb3+ 43. Rd3 Rb1 44. Ke4 Re1+ 45. Re3 d5+ 46. Kd4 Rd1+ 47. Rd3 1/2-1/2

[Event "Horacio Arevalo Memorial"]
[Site "Colonia del Sacramento"]
[Date "2014.05.02"]
[Round "1"]
[White "Barboza, Mauro"]
[Black "Perez, Jose Luis"]
[Result "1-0"]
[WhiteElo "2014"]
[BlackElo "1521"]
[PlyCount "47"]
[EventDate "2014.05.02"]
[EventType "swiss"]
[EventRounds "5"]
[EventCountry "URU"]
[SourceTitle "EXT 2016"]
[Source "ChessBase"]
[SourceDate "2015.10.08"]
[SourceVersion "1"]
[SourceVersionDate "2015.10.08"]
[SourceQuality "1"]

1. e4 e6 2. d4 d5 3. Nc3 Bb4 4. e5 c5 5. a3 Bxc3+ 6. bxc3 Ne7 7. Qg4 0-0 8. Bd3 Qa5 9. Nf3 f5 10. exf6 Rxf6 11. Qh4 h6 12. 0-0 c4 13. Bxh6 cxd3 14. Bg5 Nf5 15. Qh5 Rf8 16. Ne5 Nd7 17. Ng6 Re8 18. g4 Nf6 19. Bxf6 gxf6 20. gxf5 exf5 21. Rfe1 Re4 22. Qh8+ Kf7 23. Qh7+ Ke8 24. Rxe4+ 1-0

[Event "La Paloma op 3rd"]
[Site "La Paloma"]
[Date "2014.02.15"]
[Round "2"]
[White "Pos, Marcos"]
[Black "Perez, Jose Luis"]
[Result "1-0"]
[WhiteElo "1761"]
[BlackElo "1530"]
[PlyCount "73"]
[EventDate "2014.02.14"]
[EventType "swiss"]
[EventRounds "5"]
[EventCountry "URU"]
[SourceTitle "EXT 2018"]
[Source "ChessBase"]
[SourceDate "2017.10.13"]
[SourceVersion "1"]
[SourceVersionDate "2017.10.13"]
[SourceQuality "1"]

1. e4 e6 2. d4 d5 3. Nc3 Bb4 4. exd5 Bxc3+ 5. bxc3 exd5 6. Nf3 Ne7 7. Bd3 Bg4 8. 0-0 0-0 9. Bxh7+ Kh8 10. Bd3 c5 11. dxc5 Qc7 12. Be3 Nd7 13. h3 Bh5 14. Rb1 f5 15. Bd4 Nf6 16. Be2 Bxf3 17. Bxf3 Ne4 18. Bxe4 fxe4 19. Qh5+ Kg8 20. Qe5 Qxe5 21. Bxe5 Nc6 22. Bd6 Rf7 23. Rfd1 Rd8 24. Rxd5 Rfd7 25. Rbd1 b6 26. cxb6 axb6 27. c4 Na5 28. Bb4 Rxd5 29. Rxd5 Rc8 30. Bxa5 bxa5 31. Rd4 Rb8 32. Rxe4 Rb2 33. c3 Rxa2 34. c5 a4 35. c6 Ra1+ 36. Kh2 a3 37. c7 1-0

[Event "Pan American-ch Amateur"]
[Site "Montevideo"]
[Date "2013.10.28"]
[Round "9"]
[White "Arias Arevalo, Martin"]
[Black "Perez, Jose Luis"]
[Result "1-0"]
[WhiteElo "1718"]
[BlackElo "1517"]
[PlyCount "63"]
[EventDate "2013.10.24"]
[EventType "swiss"]
[EventRounds "9"]
[EventCountry "URU"]
[SourceTitle "EXT 2014"]
[Source "ChessBase"]
[SourceDate "2013.11.20"]
[SourceVersion "1"]
[SourceVersionDate "2013.11.20"]
[SourceQuality "1"]

1. d4 f5 2. Bg5 g6 3. Nf3 Bg7 4. e3 Nf6 5. c4 d6 6. Nc3 0-0 7. Be2 Qe8 8. 0-0 e5 9. dxe5 dxe5 10. Qb3 c6 11. Rad1 Nbd7 12. Rfe1 Nc5 13. Qc2 a5 14. Nd2 Bd7 15. Bxf6 Rxf6 16. Nb3 Ne4 17. Nxe4 fxe4 18. Nc5 Be6 19. Nxe4 Rf8 20. Nd6 Qe7 21. Rd2 Qh4 22. Bd3 Rad8 23. Nxb7 Rxd3 24. Qxd3 e4 25. Qd6 Bxc4 26. Nxa5 Bd5 27. Nxc6 Bxa2 28. Red1 Qh5 29. Qa3 Be6 30. Rd8 h6 31. Qe7 Bb3 32. R1d7 1-0